000 00418nam a2200181Ia 4500
001 13690
005 20260306164819.0
008 260306t2011||||xx |||||||||||||| ||spa||
041 _aESP
082 _a005.13
_bW19
100 _aWalkenbach, John
_eAUT
245 0 _aLa biblia de excel 2010
260 _c2011
300 _a928 páginas :
_c24 cm.
650 _aGEN
654 _aCCC
942 _cLIB
_dJUS
_fJUS
_2ddc
_n
999 _c13690
_d13690